The dark side of the sublime: Distinguishing a threat-based variant of awe. (Record no. 347615)
[ view plain ]
| 000 -LEADER | |
|---|---|
| fixed length control field | 00548nam a2200133Ia 4500 |
| 008 - FIXED-LENGTH DATA ELEMENTS--GENERAL INFORMATION | |
| fixed length control field | 171207s9999 xx 000 0 und d |
| 100 ## - MAIN ENTRY--PERSONAL NAME | |
| Personal name | Gordon, Amie M. |
| 245 #4 - TITLE STATEMENT | |
| Title | The dark side of the sublime: Distinguishing a threat-based variant of awe. |
| 245 ## - TITLE STATEMENT | |
| Statement of responsibility, etc | Gordon, Amie M.; Stellar, Jennifer E.; Anderson, Craig L.; McNeil, Galen D.; Loew, Daniel; Keltner, Dacher. |
| 260 ## - PUBLICATION, DISTRIBUTION, ETC. (IMPRINT) | |
| Date of publication, distribution, etc | 2017 |
| 300 ## - PHYSICAL DESCRIPTION | |
| Extent | pages 310-328, August 2017 |
| 440 ## - SERIES STATEMENT/ADDED ENTRY--TITLE | |
| Title | Journal of Personality and Social Psychology |
| Volume number/sequential designation | 113:2 |
| 650 ## - SUBJECT ADDED ENTRY--TOPICAL TERM | |
| Topical term or geographic name as entry element | APPRAISALS, AWE, FEAR, THREAT, WELL-BEING |
| Withdrawn status | Lost status | Damaged status | Home library | Current library | Date acquired | Total Checkouts | Date last seen | Price effective from | Koha item type |
|---|---|---|---|---|---|---|---|---|---|
| College Library | College Library | 12/07/2017 | 12/07/2017 | 12/07/2017 | Periodicals |